[Event "Tata Steel India Blitz"]
[Site "Kolkata IND"]
[Date "2018.11.14"]
[Round "14.1"]
[White "Nakamura,Hi"]
[Black "Mamedyarov,S"]
[Result "1-0"]
[WhiteElo "2746"]
[BlackElo "2817"]

1.Nf3 d5 2.e3 Nf6 3.c4 e6 4.b3 b6 5.Bb2 Bb7 6.cxd5 exd5 7.Nc3 a6 8.d4 Bd6
9.g3 O-O 10.Bg2 Nbd7 11.O-O Ne4 12.Rc1 Nxc3 13.Bxc3 Re8 14.Qc2 Qe7 15.Bb2 Rac8
16.Bh3 Rcd8 17.Ne5 Nf6 18.Nc6 Bxc6 19.Qxc6 h5 20.Qc2 Ne4 21.Qe2 h4 22.Bg2 hxg3
23.hxg3 Qg5 24.Bxe4 Rxe4 25.Kg2 Rde8 26.Rce1 Rxe3 27.Qxe3 Rxe3 28.Rxe3 f6
29.Rfe1 Qf5 30.Bc3 Qc2 31.R1e2 Qb1 32.Be1 Kf7 33.f3 a5 34.Bf2 b5 35.Rc3 a4
36.bxa4 bxa4 37.Rcc2 g5 38.g4 Kg6 39.Be3 Qb8 40.Rc1 Qb5 41.Rcc2 Kg7 42.Bf2 Qb1
43.Be3 Qb8 44.Rc1 Qh8 45.Rh1 Qe8 46.Rhe1 Qg6 47.Bf2 Qd3 48.Re3 Qh7 49.Re7+  1-0

[Event "Tata Steel India Blitz"]
[Site "Kolkata IND"]
[Date "2018.11.14"]
[Round "15.1"]
[White "Karjakin,Sergey"]
[Black "Nakamura,Hi"]
[Result "0-1"]
[WhiteElo "2753"]
[BlackElo "2746"]

1.e4 e5 2.Nf3 Nc6 3.Bb5 Nf6 4.d3 Bc5 5.O-O Nd4 6.Nxd4 Bxd4 7.Ba4 c6 8.c3 Bb6
9.Na3 d6 10.Nc4 Bc7 11.Bb3 a5 12.a4 O-O 13.Bg5 h6 14.Bh4 Be6 15.Ne3 g5 16.Bg3 d5
17.exd5 Nxd5 18.Bxd5 cxd5 19.d4 f6 20.Qb3 Bb6 21.Rad1 e4 22.f3 exf3 23.gxf3 f5
24.Be5 f4 25.Ng4 Bxg4 26.fxg4 Ra6 27.c4 Qd7 28.c5 Bd8 29.Bd6 Rf7 30.h3 Be7
31.Be5 Bf6 32.Qb5 Re6 33.Rde1 Bxe5 34.Rxe5 Rxe5 35.dxe5 Qe6 36.Re1 Rd7 37.Qxa5 d4
38.Qb6 Kf7 39.b4 d3 40.a5 d2 41.Qxe6+ Kxe6 42.Rd1 Kxe5 43.b5 Rd5 44.b6 Rxc5
45.Rxd2 Rxa5 46.Rd7 Ke4 47.Rxb7 Rb5 48.Ra7 Rxb6 49.Ra3 Rd6 50.Kf2 Rd2+ 51.Kf1 Rd3
52.Ra6 Kf3 53.Ke1 Kg2 54.Rxh6 f3 55.Rf6 Rd8  0-1

[Event "Tata Steel India Blitz"]
[Site "Kolkata IND"]
[Date "2018.11.14"]
[Round "16.2"]
[White "Nakamura,Hi"]
[Black "Anand,V"]
[Result "1/2-1/2"]
[WhiteElo "2746"]
[BlackElo "2773"]

1.e4 e5 2.Nf3 Nc6 3.Bb5 a6 4.Bxc6 dxc6 5.O-O f6 6.d4 exd4 7.Nxd4 c5 8.Ne2 Qxd1
9.Rxd1 Bd7 10.Nbc3 O-O-O 11.Be3 Re8 12.Rd2 Bc6 13.Rad1 b6 14.a4 Ne7 15.a5 Ng6
16.axb6 cxb6 17.Ng3 Ne5 18.b3 g6 19.h3 Be7 20.Nge2 Rd8 21.Nf4 Rxd2 22.Rxd2 Nd7
23.Ncd5 Bd8 24.Ne6 Re8 25.Nxd8 Bxd5 26.Rxd5 Kxd8 27.f3 Re6 28.Bf4 Ke7 29.Kf2 b5
30.Be3 Rc6 31.Ke2 Ke6 32.Rd1  1/2-1/2

[Event "Tata Steel India Blitz"]
[Site "Kolkata IND"]
[Date "2018.11.14"]
[Round "17.5"]
[White "Vidit,S"]
[Black "Nakamura,Hi"]
[Result "0-1"]
[WhiteElo "2702"]
[BlackElo "2746"]

1.e4 d5 2.exd5 Qxd5 3.Nc3 Qd8 4.d4 Nf6 5.Nf3 g6 6.h3 Bg7 7.Bc4 O-O 8.O-O a6
9.a4 Nc6 10.Be3 e6 11.Qd2 Ne7 12.Bh6 b6 13.Bxg7 Kxg7 14.Rad1 Bb7 15.Ne5 Qd6
16.Rfe1 Rad8 17.Ne2 b5 18.axb5 axb5 19.Bb3 c5 20.c3 Nc6 21.Qe3 c4 22.Bc2 Nd5
23.Qg3 Nce7 24.h4 f6 25.Ng4 Nf5 26.Qxd6 Rxd6 27.g3 Ra8 28.Ra1 Rda6 29.Rxa6 Rxa6
30.Nc1 Kf7 31.Nh2 b4 32.Bxf5 gxf5 33.Ne2 Ra2 34.Rb1 Nb6 35.f3 Nd5 36.cxb4 Nxb4
37.Nc3 Ra7 38.b3 cxb3 39.Rxb3 Nd3 40.Nb5 Ra1+ 41.Kg2 Ra2+ 42.Kg1 Ra1+ 43.Kg2 Ne1+
44.Kf2 Bd5 45.Rc3 Rd1 46.Ke2 Rb1 47.Nc7 Bb7 48.h5 Ke7 49.g4 Kd7 50.gxf5 exf5
51.d5 Ng2 52.Kf2 Nf4 53.Ke3 Ng2+ 54.Kd4 Rd1+ 55.Rd3 Rxd3+ 56.Kxd3 Kxc7 57.Kd4 Kd6  0-1

[Event "Tata Steel India Blitz"]
[Site "Kolkata IND"]
[Date "2018.11.14"]
[Round "18.3"]
[White "Nakamura,Hi"]
[Black "Praggnanandhaa,R"]
[Result "1/2-1/2"]
[WhiteElo "2746"]
[BlackElo "2530"]

1.Nf3 Nf6 2.e3 e6 3.b3 b6 4.Bb2 Bb7 5.g3 Be7 6.Bg2 O-O 7.c4 c5 8.O-O d5 9.Qe2 Nc6
10.cxd5 Nxd5 11.Rd1 Bf6 12.d4 cxd4 13.Nxd4 Nxd4 14.Bxd4 Bxd4 15.Rxd4 Qe7
16.Qb2 Rfd8 17.Nd2 Nf6 18.Bxb7 Qxb7 19.Nc4 Rd5 20.Rad1 Rad8 21.f3 h6 22.e4 Rxd4
23.Rxd4 Rxd4 24.Qxd4 Qd7 25.Qd6 Qxd6 26.Nxd6 Nd7 27.Kf2 Kf8 28.Ke3 a6 29.f4 Ke7
30.e5 f5 31.b4 Kd8 32.a4 Ke7 33.Kd4 g5 34.a5 b5 35.h4 gxf4 36.gxf4 h5 37.Nb7 Kf7
38.Nd8+ Ke7 39.Nb7 Kf7 40.Ke3 Ke7 41.Kd3 Kf7 42.Kc3 Ke7 43.Kd4 Kf7 44.Nd6+ Ke7
45.Kd3 Kf8 46.Ke3 Ke7 47.Kd4 Kd8 48.Kd3 Ke7 49.Nb7 Kf7 50.Nd8+ Ke7 51.Nc6+ Ke8
52.Ke3 Kf7 53.Kd3 Ke8 54.Nd4 Ke7 55.Ne2 Kf7 56.Kd4 Kg7 57.Kc3 Kf7 58.Kd3 Nf8
59.Kd4 Nd7 60.Ng3 Kg6 61.Kc3 Kh6 62.Kd3 Nf8 63.Ne2 Kg6 64.Nd4 Kf7 65.Nxb5 axb5
66.a6 Nd7 67.a7 Nb6 68.Kd4 Ke7 69.Kc5 Na8 70.Kc6 Kd8 71.Kb7 Kd7 72.Kxa8 Kc7  1/2-1/2

[Event "chess.com Speed 3m+1spm 2018"]
[Site "chess.com INT"]
[Date "2018.12.01"]
[Round "3.20"]
[White "Aronian,L"]
[Black "Nakamura,Hi"]
[Result "1/2-1/2"]
[WhiteElo "2767"]
[BlackElo "2777"]

1.e4 e5 2.Nf3 Nc6 3.Bc4 Bc5 4.c3 Nf6 5.d4 exd4 6.e5 d5 7.Be2 Ne4 8.cxd4 Bb6
9.Nc3 O-O 10.O-O f6 11.exf6 Nxc3 12.bxc3 Qxf6 13.h3 Bf5 14.a4 Rae8 15.Nh2 Na5
16.Bh5 Bg6 17.Ng4 Qf5 18.Bxg6 Qxg6 19.Ba3 Rf4 20.Ne5 Qe6 21.Re1 c6 22.Qd2 Re4
23.Rxe4 dxe4 24.Qe2 Bc7 25.Ng4 Nc4 26.Bc1 Ba5 27.Qc2 a6 28.Bf4 h5 29.Ne3 Nxe3
30.Bxe3 Qc4 31.Qd1 g6 32.Rc1 b5 33.axb5 axb5 34.Qc2 Bc7 35.Ra1 Bd6 36.Qa2 Qxa2
37.Rxa2 Rc8 38.Ra6 Bf8 39.d5 cxd5 40.Rxg6+ Kf7 41.Rg5 Ke6 42.Rg6+ Kf7 43.Rg5 Ke6
44.Rg6+ Kf7  1/2-1/2

[Event "chess.com Speed 1m+1spm 2018"]
[Site "chess.com INT"]
[Date "2018.12.01"]
[Round "3.21"]
[White "Nakamura,Hi"]
[Black "Aronian,L"]
[Result "1-0"]
[WhiteElo "2777"]
[BlackElo "2767"]

1.e4 c6 2.Nc3 d5 3.Nf3 Bg4 4.h3 Bxf3 5.Qxf3 e6 6.g3 Nd7 7.Bg2 g6 8.Qe2 Ne7
9.d4 Bg7 10.Be3 O-O 11.O-O dxe4 12.Nxe4 Nf5 13.Rad1 Nxe3 14.Qxe3 Nf6 15.c3 a5
16.a4 Qb6 17.Nc5 Rad8 18.Qe2 Nd7 19.Nd3 Qc7 20.Rfe1 Nb6 21.Qc2 Nd5 22.h4 h5
23.Qb3 Ne7 24.Nc5 b6 25.Ne4 Nf5 26.Ng5 Bh6 27.Nf3 Bg7 28.Qc4 Nd6 29.Qe2 c5
30.d5 e5 31.Ng5 Rfe8 32.Qc2 Bh6 33.Re2 c4 34.Rde1 Bxg5 35.hxg5 Nb7 36.f4 Nc5
37.Rxe5 Rxe5 38.Rxe5 Nd3 39.Re4 Qc5+ 40.Kh2 Kg7 41.Rd4 b5 42.axb5 Qxb5 43.d6 Qxb2
44.Qxb2 Nxb2 45.d7 a4 46.Bc6 a3 47.Re4 Nd1 48.Re8 a2 49.Rxd8 a1=Q 50.Rg8+ Kxg8
51.d8=Q+ Kh7 52.Qe7 Qb2+ 53.Bg2 Qxc3 54.Qxf7+ Qg7 55.Qxc4 Ne3 56.Qe2 Ng4+
57.Kh3 Qd7 58.Bf3 Ne3+ 59.Kh2 Qe6 60.Qd3 Qb6 61.Qd7+ Kh8 62.Qe8+ Kg7 63.Qe7+ Kg8
64.Kh3 Qd4 65.Be4 Ng4 66.Qe8+  1-0

[Event "chess.com Speed 5m+1spm 2018"]
[Site "chess.com INT"]
[Date "2018.12.01"]
[Round "3.9"]
[White "Nakamura,Hi"]
[Black "Aronian,L"]
[Result "1/2-1/2"]
[WhiteElo "2777"]
[BlackElo "2767"]

1.e4 e5 2.Nf3 Nc6 3.Bb5 Nf6 4.O-O Nxe4 5.Re1 Nd6 6.Nxe5 Be7 7.Bf1 Nxe5 8.Rxe5 O-O
9.d4 Ne8 10.d5 Bc5 11.Nd2 d6 12.Re1 Nf6 13.Nb3 Bb6 14.h3 Re8 15.a4 a6 16.a5 Ba7
17.c4 Bf5 18.Rxe8+ Qxe8 19.Nd4 Bg6 20.Ra3 c6 21.dxc6 bxc6 22.Be3 d5 23.Nf3 Bb8
24.Bb6 Be4 25.Re3 Qd7 26.Nd2 Bg6 27.Nb3 Ne4 28.cxd5 cxd5 29.Nc5 Nxc5 30.Bxc5 Bh2+
31.Kh1 Bf4 32.Re1 h6 33.b4 d4 34.Bd3 Rd8 35.Bxg6 fxg6 36.Qd3 Qf5 37.Rd1 Qxd3
38.Rxd3 Be5 39.f4 Bf6 40.g4 Kf7 41.f5 gxf5 42.gxf5 Rd5 43.Kg2 Rxf5 44.Rd2 Rd5
45.Kf3 Ke6 46.Re2+ Kd7 47.Ra2 Kc6 48.Ke4 d3 49.Rd2 Bg5 50.Rxd3 Rxd3 51.Kxd3 Kb5
52.Bf8 g6 53.Ke4 h5 54.Ke5 Bd2 55.Kf6 Bxb4 56.Bh6 Bxa5 57.Kxg6 Bc3 58.Kxh5 a5
59.Kg4 a4 60.Bc1 Kc4 61.h4 Kb3 62.h5 Kc2 63.Ba3 Kb3 64.Be7  1/2-1/2

[Event "chess.com Speed 5m+1spm 2018"]
[Site "chess.com INT"]
[Date "2018.12.01"]
[Round "3.10"]
[White "Aronian,L"]
[Black "Nakamura,Hi"]
[Result "0-1"]
[WhiteElo "2767"]
[BlackElo "2777"]

1.e4 e5 2.Nf3 Nc6 3.Bc4 Bc5 4.O-O Nf6 5.d3 d6 6.c3 O-O 7.Bg5 h6 8.Bh4 a6
9.Nbd2 Ba7 10.Kh1 g5 11.Nxg5 hxg5 12.Bxg5 Kg7 13.f4 Rh8 14.d4 exd4 15.e5 Ng4
16.h3 Qg8 17.Ne4 Ne3 18.Qf3 Nxc4 19.Nf6 Bxh3 20.gxh3 Qc8 21.Kh2 Nd2 22.Qg2 Nxf1+
23.Rxf1 Kf8 24.f5 Nxe5 25.Nd5 Qd7 26.Be7+ Qxe7 27.Nxe7 Kxe7 28.Qxb7 Kd7 29.Qxa6 dxc3
30.Qb5+ Kc8 31.bxc3 Bb6 32.Qe2 Ra4 33.Qg2 Ng4+ 34.Kh1 Ne3 35.Qc6 Rxh3+  0-1

[Event "chess.com Speed 5m+1spm 2018"]
[Site "chess.com INT"]
[Date "2018.12.01"]
[Round "3.7"]
[White "Nakamura,Hi"]
[Black "Aronian,L"]
[Result "1/2-1/2"]
[WhiteElo "2777"]
[BlackElo "2767"]

1.e4 e5 2.Nf3 Nc6 3.Bb5 Nf6 4.O-O Nxe4 5.Re1 Nd6 6.Nxe5 Be7 7.Bf1 Nxe5 8.Rxe5 O-O
9.Nc3 Ne8 10.Nd5 Bd6 11.Re1 c6 12.Ne3 Be7 13.c4 Nc7 14.d4 d5 15.cxd5 Bb4
16.Bd2 Bxd2 17.Qxd2 Nxd5 18.Nxd5 Qxd5 19.Re5 Qd6 20.Bc4 Bd7 21.Rae1 Rae8
22.Qc3 Rxe5 23.dxe5 Qe7 24.Rd1 Be6 25.Bxe6 Qxe6 26.a3 h6 27.h3 Qf5 28.Qe3 b6
29.f4 Re8 30.g4 Qc2 31.Rd2 Qc4 32.Qd4 Qxd4+ 33.Rxd4 g5 34.Rd6 gxf4 35.Rxh6 Rxe5
36.Rxc6 Re2 37.Rc7 a5 38.b4 Re3 39.bxa5 bxa5 40.a4 Re4 41.Kf2 Rxa4 42.h4 Ra3
43.Rc4 f3 44.Rc5 Kg7 45.Rg5+  1/2-1/2

[Event "chess.com Speed 3m+1spm 2018"]
[Site "chess.com INT"]
[Date "2018.12.01"]
[Round "3.13"]
[White "Nakamura,Hi"]
[Black "Aronian,L"]
[Result "1/2-1/2"]
[WhiteElo "2777"]
[BlackElo "2767"]

1.e4 e5 2.Nf3 Nc6 3.Bb5 Nf6 4.O-O Nxe4 5.Re1 Nd6 6.Nxe5 Be7 7.Bf1 Nxe5 8.Rxe5 O-O
9.d4 Ne8 10.d5 Bc5 11.Nd2 d6 12.Re1 Nf6 13.Nb3 Bb6 14.h3 Re8 15.a4 a5 16.c4 Rxe1
17.Qxe1 Bd7 18.Be3 Qe8 19.Bxb6 Qxe1 20.Rxe1 cxb6 21.Ra1 Ne4 22.Nd4 Nc5 23.b3 Re8
24.f3 f5 25.Kf2 f4 26.Re1 Rxe1 27.Kxe1 Kf7 28.Kd2 Kf6 29.Bd3 h6 30.Kc3 g5
31.Bc2 Ke5 32.Bg6 Kf6 33.Bc2 h5 34.Bd1 Bf5 35.Be2 Ke5 36.Nb5 Bg6 37.Nc7 Bf5
38.Na8 Nd7 39.Nc7 Nc5 40.Na8 Nd7 41.Nc7 Nc5  1/2-1/2

[Event "chess.com Speed 5m+1spm 2018"]
[Site "chess.com INT"]
[Date "2018.12.01"]
[Round "3.11"]
[White "Nakamura,Hi"]
[Black "Aronian,L"]
[Result "1/2-1/2"]
[WhiteElo "2777"]
[BlackElo "2767"]

1.e4 e5 2.Nf3 Nc6 3.Bb5 a6 4.Bxc6 dxc6 5.O-O Be7 6.Nxe5 Qd4 7.Qh5 Be6 8.d3 Qc5
9.Be3 Qxc2 10.Nc3 Nf6 11.Qf3 Qxb2 12.Rfc1 Qa3 13.Rab1 Bd6 14.Nc4 Bxc4 15.dxc4 Be5
16.Rxb7 O-O 17.Rb3 Qa5 18.Bf4 Rfe8 19.Bxe5 Qxe5 20.Qg3 Qxg3 21.hxg3 Nxe4
22.Nxe4 Rxe4 23.Rd1 Kf8 24.Rbd3 Ke8 25.f3 Rxc4 26.Re1+ Kf8 27.Rd7 Re8 28.Red1 Rc8
29.Re1 Rc5 30.Ree7 Rf5 31.g4 Rf4 32.Rxc7 Rxc7 33.Rxc7 Rc4 34.Ra7 Ra4 35.Rc7 Rxa2
36.Rxc6 g6 37.Rc7 Kg7 38.g5 Ra5 39.Ra7 Rxg5 40.Rxa6 h5 41.Kh2 Rb5 42.Ra7 Rb2
43.Rc7 Kf6 44.Ra7 Ke6 45.Kh3 f6 46.Ra6+ Kf5 47.Ra5+ Ke6 48.Ra6+ Kf5 49.Ra5+ Kf4
50.Ra6 Kg5 51.Ra5+ f5 52.Ra6 Rb1 53.g3 h4 54.f4+ Kh6 55.g4 fxg4+ 56.Kxg4 Rb4
57.Kxh4  1/2-1/2

[Event "chess.com Speed 5m+1spm 2018"]
[Site "chess.com INT"]
[Date "2018.12.01"]
[Round "3.5"]
[White "Nakamura,Hi"]
[Black "Aronian,L"]
[Result "1/2-1/2"]
[WhiteElo "2777"]
[BlackElo "2767"]

1.e4 e5 2.Nf3 Nc6 3.Bb5 Nf6 4.O-O Nxe4 5.Re1 Nd6 6.Nxe5 Be7 7.Bf1 Nxe5 8.Rxe5 O-O
9.Nc3 Ne8 10.Nd5 Bd6 11.Re1 c6 12.Ne3 Be7 13.c4 Nc7 14.d4 d5 15.cxd5 Bb4
16.Bd2 Bxd2 17.Qxd2 Nxd5 18.Nxd5 Qxd5 19.Re5 Qd6 20.Bc4 Bd7 21.Rae1 Rae8
22.Qc3 Rxe5 23.Rxe5 Re8 24.Bb3 Rxe5 25.dxe5 Qe7 26.f4 Be6 27.Bxe6 Qxe6 28.Qd4 h6
29.Qd8+ Kh7 30.Qd3+  1/2-1/2

[Event "chess.com Speed 5m+1spm 2018"]
[Site "chess.com INT"]
[Date "2018.12.01"]
[Round "3.4"]
[White "Aronian,L"]
[Black "Nakamura,Hi"]
[Result "0-1"]
[WhiteElo "2767"]
[BlackElo "2777"]

1.e4 e5 2.Nf3 Nc6 3.Bc4 Bc5 4.d3 Nf6 5.O-O d6 6.c3 a6 7.a4 O-O 8.Bg5 h6 9.Bh4 g5
10.Bg3 Ba7 11.Na3 g4 12.Bh4 gxf3 13.Qxf3 Kg7 14.Nc2 Be6 15.Ne3 Nb8 16.Kh1 Nbd7
17.Nf5+ Kh7 18.g4 Rg8 19.Nxh6 Bxc4 20.dxc4 Kxh6 21.g5+ Rxg5 22.Bxg5+ Kxg5
23.Rg1+ Kh6 24.Rg3 Nf8 25.Rag1 Ng6 26.Qf5 Kg7 27.Rxg6+ fxg6 28.Qxg6+ Kf8
29.Qh6+ Ke8 30.Rg7 Qe7 31.b4 Bxf2 32.Kg2 Be1 33.Rxe7+ Kxe7 34.Qg7+ Ke6 35.Qxc7 Bxc3
36.Qxb7 Rg8+ 37.Kf1 Bd4 38.c5 Rg1+ 39.Ke2 dxc5 40.Qxa6+ Ke7 41.bxc5 Bxc5
42.Qb7+ Nd7 43.a5 Rg2+ 44.Kd3 Rxh2 45.Qd5 Bd4 46.Qg8 Rh3+ 47.Kc4 Rc3+ 48.Kb4 Nf6
49.Qg7+ Ke6 50.a6 Rc1 51.Qf8 Rb1+ 52.Ka4 Nd7 53.Qg8+ Kd6 54.Ka3 Nc5 55.Qd8+ Ke6
56.Qg8+ Kd7 57.Qf7+ Kc6 58.a7 Ra1+ 59.Kb4 Ra4+  0-1

[Event "chess.com Speed 5m+1spm 2018"]
[Site "chess.com INT"]
[Date "2018.12.01"]
[Round "3.3"]
[White "Nakamura,Hi"]
[Black "Aronian,L"]
[Result "1/2-1/2"]
[WhiteElo "2777"]
[BlackElo "2767"]

1.d4 Nf6 2.c4 e6 3.Nf3 d5 4.Nc3 dxc4 5.e4 Bb4 6.Bxc4 Nxe4 7.O-O Nxc3 8.bxc3 Bd6
9.Ng5 h6 10.Qh5 O-O 11.Ne4 f5 12.Nxd6 cxd6 13.Re1 Qf6 14.Bf4 d5 15.Bd3 Nc6
16.Re3 Bd7 17.Rae1 Be8 18.Qh3 Bf7 19.Rg3 Kh8 20.Bg5 Qg6 21.Be7 Nxe7 22.Rxg6 Nxg6
23.Qe3 Rac8 24.Rc1 Rc7 25.c4 dxc4 26.Rxc4 Rd7 27.h3 Rfd8 28.Ra4 a6 29.Bc2 Ne7
30.Bb3 Rd6 31.Rc4 Nc6 32.d5 exd5 33.Rf4 d4 34.Qd3 Bxb3 35.axb3 Rd5 36.g4 Ne5
37.Qd2 fxg4 38.hxg4 d3 39.Kg2 Kg8 40.Re4 Ng6 41.Kg3 Re5 42.Rxe5 Nxe5 43.f4 Nc6
44.Kf2 a5 45.Ke1 Re8+ 46.Kd1 Re4 47.g5 hxg5 48.fxg5 Kf7 49.Qg2 Rd4 50.g6+ Kf6
51.Kd2 Rd8 52.Qg3 Rd4 53.Qg2  1/2-1/2

[Event "chess.com Speed 5m+1spm 2018"]
[Site "chess.com INT"]
[Date "2018.12.01"]
[Round "3.2"]
[White "Aronian,L"]
[Black "Nakamura,Hi"]
[Result "0-1"]
[WhiteElo "2767"]
[BlackElo "2777"]

1.e4 e5 2.Nf3 Nc6 3.Bc4 Bc5 4.c3 Nf6 5.d4 exd4 6.e5 d5 7.Bb5 Ne4 8.cxd4 Bb6
9.Nc3 O-O 10.Be3 Bg4 11.h3 Bh5 12.Qc2 Bg6 13.Qb3 Ne7 14.O-O c6 15.Bd3 Nd2
16.Nxd2 Bxd3 17.Rfd1 Bg6 18.Na4 Nf5 19.Nxb6 axb6 20.Qc3 f6 21.Bf4 Ra4 22.Nf3 Rc4
23.Qd2 fxe5 24.Bxe5 Nd6 25.Rdc1 Rxc1+ 26.Qxc1 Ne4 27.Qe3 Bh5 28.Nd2 Nxf2
29.Qg3 Bg6 30.Rf1 Nd3 31.Rxf8+ Qxf8 32.Nf3 Nxb2 33.Bd6 Qe8 34.Ne5 Nc4 35.Nxc4 dxc4
36.Be5 Qf7 37.a3 b5 38.Kh2 h6 39.d5 cxd5 40.Bd4 Be4 41.Qe5 Qg6 42.g4 Qf7
43.Kg1 Kh7 44.g5 h5 45.h4 Qd7 46.Kf2 Qf7+ 47.Ke1 Bd3 48.Kd2 Be4 49.Ke1 Qd7
50.Kd2 Kg6 51.Ke1 Kh7 52.Kd2 Qf7 53.Ke1 Qg6 54.Kd2 Bb1 55.Ke1 Be4 56.Kd2 Bh1
57.Kc1 Bf3 58.Kb2 Bd1  0-1

[Event "chess.com Speed 1m+1spm 2018"]
[Site "chess.com INT"]
[Date "2018.12.01"]
[Round "3.22"]
[White "Aronian,L"]
[Black "Nakamura,Hi"]
[Result "1/2-1/2"]
[WhiteElo "2767"]
[BlackElo "2777"]

1.e4 e5 2.Nf3 Nc6 3.Bb5 Nf6 4.O-O Nxe4 5.d4 Nd6 6.Bxc6 dxc6 7.dxe5 Nf5 8.Qxd8+ Kxd8
9.Nc3 Ke8 10.h3 h5 11.Bg5 Be6 12.Ne2 Be7 13.Nf4 Bd5 14.Nxd5 cxd5 15.Rad1 c6
16.Rd3 f6 17.Bf4 Kf7 18.a4 Rhe8 19.Re1 Rad8 20.Rb3 b6 21.Kf1 Bc5 22.Rd3 a5
23.g4 hxg4 24.hxg4 Ne7 25.c3 Ng6 26.Bg3 Re6 27.exf6 Rxe1+ 28.Nxe1 gxf6 29.f4 f5
30.gxf5 Ne7 31.Nf3 Nxf5 32.Ne5+ Ke6 33.Nxc6 Rh8 34.b4 Be3 35.Bf2 Bxf2 36.Kxf2 Rh2+
37.Ke1 Ra2 38.bxa5 bxa5 39.Nd4+ Nxd4 40.Rxd4 Rc2 41.Rd3 Ra2 42.Rd4 Rc2 43.Rd3 Ra2
44.Rd4 Rc2  1/2-1/2

[Event "chess.com Speed 1m+1spm 2018"]
[Site "chess.com INT"]
[Date "2018.12.01"]
[Round "3.29"]
[White "Nakamura,Hi"]
[Black "Aronian,L"]
[Result "1-0"]
[WhiteElo "2777"]
[BlackElo "2767"]

1.e4 e6 2.Ke2 d5 3.d3 Nc6 4.c3 Nge7 5.Qc2 g6 6.f4 Bg7 7.e5 O-O 8.d4 f6 9.Nf3 fxe5
10.fxe5 Nf5 11.g3 b6 12.Bg2 Ba6+ 13.Ke1 Na5 14.Bg5 Qd7 15.g4 Ne7 16.Nbd2 c5
17.Bf1 Bxf1 18.Rxf1 cxd4 19.cxd4 Rac8 20.Qd3 Nc4 21.b3 Na3 22.Ke2 Nc6 23.b4 Nc4
24.a3 a5 25.b5 Ne7 26.a4 h6 27.Bxe7 Qxe7 28.Qxg6 Rf4 29.g5 Nxd2 30.Nxd2 Rh4
31.Nf3 Re4+ 32.Kf2 Rc2+ 33.Kg1 Rg4+ 34.Kh1 Rc3 35.Rac1 Rxc1 36.Rxc1  1-0

[Event "chess.com Speed 1m+1spm 2018"]
[Site "chess.com INT"]
[Date "2018.12.01"]
[Round "3.28"]
[White "Aronian,L"]
[Black "Nakamura,Hi"]
[Result "1/2-1/2"]
[WhiteElo "2767"]
[BlackElo "2777"]

1.e4 e5 2.Nf3 Nc6 3.Bc4 Bc5 4.c3 Nf6 5.d4 exd4 6.e5 d5 7.Be2 Ne4 8.cxd4 Bb6
9.Nc3 O-O 10.O-O f6 11.exf6 Nxc3 12.bxc3 Qxf6 13.h3 Bf5 14.a4 Rae8 15.Nh2 Na5
16.Bh5 Bg6 17.Ng4 Qe6 18.Bxg6 hxg6 19.Ba3 Rf5 20.Ne5 c6 21.Qg4 Rf6 22.f4 Nc4
23.Nxc4 Qxg4 24.hxg4 dxc4 25.Rab1 Re3 26.Bb4 Bc7 27.Rf3 Rxf3 28.gxf3 Rxf4
29.Kf2 Bd8 30.Kg2 b6 31.Re1 Kf7 32.Bd6 Rf6 33.Be5 Re6 34.f4 b5 35.Kf3 a6
36.Ke4 Ba5 37.d5 cxd5+ 38.Kxd5 Re8 39.axb5 axb5 40.Ra1 Bb6 41.Kc6 Be3 42.Kxb5 g5
43.Kxc4 gxf4 44.Bd4 Kg6 45.Ra5 Bxd4 46.Kxd4 Rf8 47.Ke4 f3 48.Rf5 Re8+ 49.Kxf3 Rc8
50.Kg3 Rxc3+ 51.Rf3 Rc1 52.Rf5 Rg1+ 53.Kh3 Rh1+ 54.Kg3 Ra1 55.Kh3 Ra3+ 56.Kh4 Kh6
57.Rh5+ Kg6 58.Rg5+ Kf7 59.Rf5+ Kg8 60.Kg5 Ra1 61.Re5 Ra6 62.Rf5 Kh7 63.Re5 Ra7
64.Kf4 Kh6 65.Rh5+ Kg6 66.Rg5+ Kf6 67.Rf5+ Kg6 68.Rg5+ Kh7 69.Rh5+ Kg8 70.Rf5 Ra4+
71.Kg5 Kh7 72.Re5 Ra2 73.Rf5 Ra1 74.Re5 Ra2  1/2-1/2

[Event "chess.com Speed 1m+1spm 2018"]
[Site "chess.com INT"]
[Date "2018.12.01"]
[Round "3.27"]
[White "Nakamura,Hi"]
[Black "Aronian,L"]
[Result "0-1"]
[WhiteElo "2777"]
[BlackElo "2767"]

1.e4 e6 2.Ke2 d5 3.d3 Nc6 4.c3 g6 5.Qc2 Bg7 6.g3 Nge7 7.Bg2 O-O 8.Nf3 e5
9.Rd1 f5 10.Kf1 f4 11.gxf4 Bg4 12.h3 Bh5 13.d4 dxe4 14.Qxe4 exd4 15.cxd4 Qd5
16.Nc3 Qxe4 17.Nxe4 Nd5 18.Ng3 Nxf4 19.Bxf4 Bxf3 20.Bxf3 Rxf4 21.Bxc6 bxc6
22.Ne2 Rf3 23.Rd2 Rxh3 24.Kg2 Rh6 25.Rc1 g5 26.Rc5 Rg6 27.Rdc2 Re8 28.Kf1 Ree6
29.Ra5 Rd6 30.Rxa7 Bxd4 31.Nxd4 Rxd4 32.Rxc7 Rdd6 33.Re2 Rge6 34.Rxe6 Rxe6
35.a4 Re4 36.a5 Ra4 37.Ra7 h5 38.b3 Ra2 39.b4 g4 40.Rc7 Ra4 41.Kg2 h4 42.Rb7 Ra2
43.Kg1 Ra1+ 44.Kg2 Ra2 45.Kg1 Ra1+ 46.Kh2 Ra2 47.Rb8+ Kg7 48.Kg1 Ra1+ 49.Kg2 h3+
50.Kh2 Rf1 51.Rd8 Rxf2+ 52.Kg1 g3 53.Rd1 h2+ 54.Kh1 Ra2 55.Rc1 Kf7 56.a6 Rxa6
57.Kg2 Ra3 58.Rc2 Rb3 59.Rc1 Ke7 60.Rd1 Ke6 61.Rc1 Kd6 62.Rd1+ Kc7 63.Rc1 Kb6
64.Re1 Kb5 65.Rc1 Kb6 66.Rd1 Kb5 67.Rc1 Rxb4 68.Kxg3 Rb2 69.Kh3 c5 70.Kg3 c4
71.Kf3 Kb4 72.Kg3 c3 73.Rf1 Rd2 74.Rf8 Kb3 75.Rb8+ Kc2 76.Rc8 Kb2 77.Rb8+ Kc1
78.Rh8 c2 79.Rh7 Kd1 80.Rf7 c1=Q 81.Rf1+ Kc2 82.Rf8 Qg1+ 83.Kf4 h1=Q 84.Rc8+ Kd1
85.Re8 Qf2+ 86.Kg5 Qhg2+ 87.Kh5 Rd5+ 88.Re5 Rxe5+  0-1

[Event "chess.com Speed 3m+1spm 2018"]
[Site "chess.com INT"]
[Date "2018.12.01"]
[Round "3.18"]
[White "Aronian,L"]
[Black "Nakamura,Hi"]
[Result "0-1"]
[WhiteElo "2767"]
[BlackElo "2777"]

1.e4 e5 2.Nf3 Nc6 3.Bc4 Bc5 4.c3 Nf6 5.d4 exd4 6.e5 d5 7.Be2 d3 8.exf6 dxe2
9.Qxe2+ Be6 10.fxg7 Rg8 11.b4 Bb6 12.Bg5 Qd6 13.Bf6 Nb8 14.Ne5 Nd7 15.Nxd7 Kxd7
16.Qf3 c6 17.Nd2 Bd8 18.Bd4 Bg5 19.Nb3 Bh6 20.Nc5+ Kc7 21.Qg3 Bf4 22.Qh4 Rae8
23.O-O Be5 24.Rae1 f6 25.f4 Bxd4+ 26.cxd4 Bf5 27.Rxe8 Rxe8 28.g4 Bg6 29.f5 Bf7
30.Qxh7 Bg8 31.Qg6 Re2 32.Qh6 b6 33.Ne6+ Kb7 34.Qf4 Qe7 35.Qh6 Qxb4 36.Qxf6 Qb2
37.Qe7+ Ka6 38.Qh4 Bxe6 39.fxe6 Qxd4+ 40.Rf2 Re1+ 41.Kg2 Qxg7 42.Rf6 Re4
43.h3 Qe7 44.Qh6 d4 45.Rf7 Qc5 46.Rxa7+ Kb5 47.a4+ Kb4 48.Qd2+ Qc3 49.Qf2 d3
50.Rd7 Re2 51.e7 Rxf2+ 52.Kxf2 Qf6+  0-1

[Event "chess.com Speed 3m+1spm 2018"]
[Site "chess.com INT"]
[Date "2018.12.01"]
[Round "3.12"]
[White "Aronian,L"]
[Black "Nakamura,Hi"]
[Result "1-0"]
[WhiteElo "2767"]
[BlackElo "2777"]

1.e4 e5 2.Nf3 Nc6 3.Bc4 Bc5 4.d3 Nf6 5.O-O d6 6.c3 O-O 7.Bg5 h6 8.Bh4 a6
9.a4 Ba7 10.Na3 g5 11.Bg3 g4 12.Nh4 Nh5 13.Nc2 Qg5 14.Re1 Be6 15.Ne3 Bxe3
16.Rxe3 Bxc4 17.dxc4 Ne7 18.a5 Rad8 19.Qb3 Rb8 20.Rd1 Rfd8 21.Qc2 Ng7 22.Red3 Ne6
23.b4 h5 24.f3 Ng6 25.Nxg6 fxg6 26.Qd2 Qxd2 27.R1xd2 gxf3 28.gxf3 Rf8 29.c5 dxc5
30.Bxe5 cxb4 31.cxb4 Rbe8 32.Rg2 Kh7 33.Rd7+ Kh6 34.f4 Rxf4 35.Bxf4+ Nxf4
36.Rb2 Rxe4 37.b5 Ra4 38.b6 c5 39.h4 c4 40.Rxb7 c3 41.Rc2 Rxa5 42.Kh2 Nd5
43.Rf2 Rb5 44.Rff7 g5 45.Rbd7 gxh4 46.b7 c2 47.Rd6+ Kg5 48.Rxd5+ Kg6 49.Rxb5 c1=Q
50.b8=Q Qd2+ 51.Kg1 Qe1+ 52.Rf1 Qg3+ 53.Qxg3+  1-0

[Event "chess.com Speed 3m+1spm 2018"]
[Site "chess.com INT"]
[Date "2018.12.01"]
[Round "3.19"]
[White "Nakamura,Hi"]
[Black "Aronian,L"]
[Result "1/2-1/2"]
[WhiteElo "2777"]
[BlackElo "2767"]

1.e4 e5 2.Nf3 Nf6 3.Nxe5 d6 4.Nc4 Nxe4 5.Nc3 Nxc3 6.bxc3 Be7 7.d4 O-O 8.Bd3 Nd7
9.O-O Nf6 10.Ne3 d5 11.Nf5 Bxf5 12.Bxf5 Re8 13.Re1 c6 14.Rb1 b5 15.g3 Bd6
16.Rxe8+ Nxe8 17.a4 a6 18.axb5 axb5 19.Kg2 g6 20.Bd3 Qd7 21.Qf3 h5 22.Bg5 Qg4
23.Qxg4 hxg4 24.Re1 Ng7 25.h3 gxh3+ 26.Kxh3 Ne6 27.Bd2 Kg7 28.Kg2 Nf8 29.Rh1 Nd7
30.Bh6+ Kf6 31.Re1 Rh8 32.Bd2 Nb6 33.f4 Ra8 34.f5 gxf5 35.Rf1 f4 36.gxf4 Nc4
37.Bxc4 bxc4 38.Rb1 Ra2 39.Kf3 Rxc2 40.Be1 Ke6 41.Rb6 Kd7 42.Rb7+ Bc7 43.f5 Kc8
44.Ra7 Rb2 45.Ra8+ Rb8 46.Ra7 Rb7 47.Ra8+ Kd7 48.Rf8 Ke7 49.Rc8 Kd7 50.Rf8 Ke7
51.Rc8  1/2-1/2

[Event "chess.com Speed 5m+1spm 2018"]
[Site "chess.com INT"]
[Date "2018.12.01"]
[Round "3.6"]
[White "Aronian,L"]
[Black "Nakamura,Hi"]
[Result "0-1"]
[WhiteElo "2767"]
[BlackElo "2777"]

1.e4 e5 2.Nf3 Nc6 3.Bc4 Bc5 4.d3 Nf6 5.O-O d6 6.c3 O-O 7.Bg5 h6 8.Bh4 a6
9.a4 g5 10.Bg3 Ba7 11.Na3 Ne7 12.Nc2 Ng6 13.Kh1 Be6 14.Nd2 Qd7 15.Ne3 c6
16.Qf3 Kg7 17.Rfe1 b5 18.Ba2 Rae8 19.axb5 axb5 20.Qd1 Bb6 21.f3 Nf4 22.Qb1 Ra8
23.Ndf1 Ra7 24.Bxe6 fxe6 25.Bf2 Rxa1 26.Qxa1 Nxd3 27.Re2  0-1

[Event "chess.com Speed 3m+1spm 2018"]
[Site "chess.com INT"]
[Date "2018.12.01"]
[Round "3.17"]
[White "Nakamura,Hi"]
[Black "Aronian,L"]
[Result "1-0"]
[WhiteElo "2777"]
[BlackElo "2767"]

1.e4 e5 2.Nf3 Nf6 3.Nxe5 d6 4.Nd3 Nxe4 5.Qe2 Qe7 6.Nf4 c6 7.f3 Nf6 8.Qxe7+ Bxe7
9.d4 d5 10.c3 Nbd7 11.Bd3 Nf8 12.Kf2 Ne6 13.Na3 Bd6 14.Nxe6 Bxe6 15.Nc2 Ng8
16.Bg5 Ne7 17.Bh4 Nf5 18.Bxf5 Bxf5 19.Ne3 Be6 20.Bg3 Be7 21.Rhe1 Kd7 22.Be5 f6
23.Bg3 a5 24.a4 Ra6 25.Re2 Rb6 26.Rae1 Bd8 27.h4 h5 28.Bf4 Rb3 29.Nf1 Bf7
30.Bc1 Bg6 31.Nd2 Rb6 32.b3 Re8 33.Rxe8 Bxe8 34.Ba3 Bg6 35.Bc5 Ra6 36.Bf8 b5
37.Ra1 Rb6 38.axb5 Rxb5 39.b4 Ke8 40.Bc5 Bc2 41.c4 Rxb4 42.Bxb4 axb4 43.cxd5 cxd5
44.Ra2 Bd3 45.Ke3 Bc4 46.Nxc4 dxc4 47.Rc2 c3 48.Kd3 f5 49.Kc4 Bxh4 50.Kxb4 g5
51.Kxc3 g4 52.Kd3 gxf3 53.gxf3 Bg3 54.Rc5 h4 55.Rxf5 h3 56.Rh5 h2 57.Ke4  1-0